000
00351nam a2200145Ia 4500
008
220216s9999 xx 000 0 und d
100
_a
Millqvist F
245
0
_a
Swedish rubber industry : an overview
260
_b
Rubber Developments
_c
1979
300
_a
60-67
650
_a
Rubber industry
650
_a
Sweden
700
_a
Cain M
942
_c
JS
999
_c
70094
_d
70094